00630pam a2200193 a 4500020002400000040000800024082002600032100002200058245003700080250001200117260003700129300004100166650002000207700002400227700002600251942000700277999001700284952013500301 a0070210101 (pbk.) : cDLC00a339 MCG 1988 A070 Or.1 aFischer, Stanley.10aIntroduction to macroeconomics / a2nd ed. aNew York :bMcGraw-Hill,cc1988. axxvii, 460 p. :bcol. ill. ;c24 cm. 0aMacroeconomics.1 aDornbusch, Rudiger.1 aSchmalensee, Richard. cEK c14832d14832 0010406339_000000000000000_MCG_1988_A070_OR70967523aLBAbLBAcA070d2017-10-27o339 MCG 1988 A070 Or.pA06337r2017-10-27yEK